000 00410cam a2200169ua 4500
041 _aeng
_h
082 _a828.09
_bLEW/PR
100 _aLewis, C S .
245 _aPreface to paradise lost /
_cC S Lewis.
_hTextual Documents
250 _a1 /
_b.
260 _aLondon :
_bOxford University Press ,
_c1967.
300 _a143 ; .
504 _a
942 _cBK
999 _c2443
_d2443